000
00329nam a2200157Ia 4500
100
_a
Gopi/ Sharma
650
_a
General
942
_c
BK
654
_a
Science of numbers
245
_a
Science of Numbers
260
_b
Ajantha Books Int
_c
1984
082
_a
133.335
_b
SHA
300
_a
99
546
_a
ENGLISH
999
_c
33319
_d
33319